000
00293nam a22001217a 4500
999
_c
155325
_d
155325
082
_a
_b
245
_a
Vamseeya sangeetham/
_c
by M K Nambiar (ed.)
260
_a
Kannur:
_b
Kerala Folklore Academy,
_c
2011.
300
_a
650
_a
Folklore
700
_a
M K Nambiar (ed.)
942
_c
BK